Baseball Player Names in Abbott & Costello's "Who's on First?" - Statistics

General Stats
  • This quiz has been taken 407 times
    102 since last reset
  • The average score is 5 of 9
Answer Stats
Position Player Name % Correct
First Base Who
100%
Second Base What
98%
Third Base I Don't Know
74%
Pitcher Tomorrow
47%
Catcher Today
42%
Left Field Why
38%
Shortstop I Don't Give a Darn!
34%
Center Field Because
33%
Bonus: What did Costello think the First Baseman's name was? Naturally
26%
No matching quizzes found
Score Distribution
Percent of People with Each Score
Percentile by Number Answered
Your Score History
You have not taken this quiz since the last reset